Selected topics: high intermediate listening comprehension
Na minha lista:
| Autor principal: | |
|---|---|
| Formato: | Livro |
| Idioma: | inglês |
| Publicado em: |
Nueva York
Longman
1994
|
| coleção: | Longman Lecture Series
|
| Assuntos: | |
| Tags: |
Adicionar Tag
Sem tags, seja o primeiro a adicionar uma tag!
|
MARC
| LEADER | 00000nam a2200000 a 4500 | ||
|---|---|---|---|
| 001 | UCR0408 | ||
| 003 | CL-VaPUC | ||
| 008 | 971205e19940000US |||||||||||||||||eng|d | ||
| 082 | 0 | 4 | |a 428 |b KIS |2 21 |
| 100 | 0 | |a Kisslinger, Ellen |e author |9 396018 | |
| 245 | 1 | 0 | |a Selected topics: high intermediate listening comprehension |
| 300 | |a 145 p | ||
| 942 | |c BK | ||
| 945 | |d 19971205 00:00:00 |a jquezada | ||
| 260 | |a Nueva York |b Longman |c 1994 | ||
| 500 | |a Incluye 3 cassettes | ||
| 650 | 0 | |a Inglés |9 260023 | |
| 650 | 0 | |a Enseñanza del inglés |9 367340 | |
| 650 | 0 | |a Comprensión |9 339377 | |
| 650 | 0 | |a Métodos de enseñanza |9 270413 | |
| 650 | 0 | |a Lenguaje |9 265069 | |
| 650 | 7 | |a IDIOMAS |2 CL-VaPUC |9 396019 | |
| 583 | |a last modification |c 19971205 00:00:00 |k Rodrigo Vera | ||
| 490 | 0 | |a Longman Lecture Series | |
| 999 | |c 263932 |d 263930 | ||
| 952 | |0 0 |1 0 |4 0 |6 428_000000000000000_KIS_1994 |7 0 |8 A |9 293450 |a BIBEDU |b BIBEDU |d 2019-11-19 |i 3381498 |o 428 KIS 1994 |p 3381498 |r 2019-11-19 |w 2019-11-19 |y BK |k CIT | ||
| 952 | |0 0 |1 0 |4 0 |6 428_000000000000000_KIS_1994 |7 0 |8 A |9 293451 |a BIBEDU |b BIBEDU |d 2019-11-19 |i 3381501 |o 428 KIS 1994 |p 3381501 |r 2019-11-19 |w 2019-11-19 |y BK |k CIT | ||